JEE Advanced Mathematics: (Record no. 207194)
[ view plain ]
| 000 -LEADER | |
|---|---|
| fixed length control field | 00774nam a22002177a 4500 |
| 005 - DATE AND TIME OF LATEST TRANSACTION | |
| control field | 20241129111626.0 |
| 010 ## - LCCN (DPL NO) | |
| LC control number | ENG-142719 |
| 020 ## - INTERNATIONAL STANDARD BOOK NUMBER | |
| Terms of availability | 655.00 |
| International Standard Book Number | 9789357056359 |
| 020 ## - INTERNATIONAL STANDARD BOOK NUMBER | |
| Terms of availability | 750.00 |
| International Standard Book Number | 9789361597527 |
| 035 ## - SYSTEM CONTROL NUMBER | |
| System control number | EN-126251 |
| 037 ## - SOURCE OF ACQUISITION | |
| Source of stock number/acquisition | DBAD |
| 082 ## - DEWEY DECIMAL CLASSIFICATION NUMBER | |
| Classification number | 500 |
| Edition number | 1 |
| 100 ## - MAIN ENTRY--PERSONAL NAME | |
| Personal name | Sharma, Om |
| 245 ## - TITLE STATEMENT | |
| Title | JEE Advanced Mathematics: |
| Remainder of title | Trigonometry/ |
| Statement of responsibility, etc | By Om Sharma |
| 250 ## - EDITION STATEMENT | |
| Edition statement | 1 |
| 260 ## - PUBLICATION, DISTRIBUTION, ETC. (IMPRINT) | |
| Place of publication, distribution, etc | Uttar Pradesh |
| Name of publisher, distributor, etc | Pearson India Education Pvt Ltd |
| Date of publication, distribution, etc | 2025 |
| 270 ## - ADDRESS | |
| City | Uttar Pradesh |
| Address | 1st FLoor, Berger Tower, Plot No. C-001A/2, Sector-16B, Noida |
| Postal code | 201301 |
| 300 ## - PHYSICAL DESCRIPTION | |
| Extent | vpp. |
| Dimensions | 28cm(pb) |
| Other physical details | Index |
| 500 ## - GENERAL NOTE | |
| General note | Includes 2000+ Problems with Solutions | Includes JEE 2013-2024 Questions and Chapter Wise Video strategics |
| 942 ## - ADDED ENTRY ELEMENTS (KOHA) | |
| Source of classification or shelving scheme | Dewey Decimal Classification |
| Item type | English Books |
| Classification part | 500 |
| Call number suffix | SHA |
| Edition | 1 |
No items available.
